| 000 | 00676nam a2200229 i 4500 | ||
|---|---|---|---|
| 003 | DO-SdBNP | ||
| 005 | 20250714132651.0 | ||
| 007 | ta | ||
| 008 | 250714b2002 dr ||||| |||| 00| 0 spa d | ||
| 040 |
_aDO-SdBNP _bspa _cBNPHU _erda |
||
| 041 | _aspa | ||
| 100 |
_aTobías Beato, José, _d1950- _eautor _4aut, _953558 |
||
| 245 | 1 | 3 |
_aLa mariposa azul / _cJosé Tobías Beato |
| 264 | 4 |
_aSanto Domingo : _bEditor no identificado, _c©2002. |
|
| 300 |
_a226 páginas ; _c21 cm. |
||
| 336 |
_atexto _btxt _2rdacontent |
||
| 337 |
_asin mediación _bn _2rdamedia |
||
| 338 |
_avolumen _bnc _2rdacarrier |
||
| 590 | _aInventariado, 2025/BT | ||
| 910 | _aBtavárez | ||
| 942 |
_2ddc _cLBS1 |
||
| 999 |
_c59531 _d59531 |
||